Real property inventory, city of New York ; non-residential report /

Bibliographic Details
Corporate Authors: New York City Housing Authority, New York (N.Y.). Mayor's Advisory Committee on Real Property Inventory
Other Authors: Post, Langdon W. (Langdon Ward), 1899-
Format: Book
Language:English
Subjects:

MARC

Tag First Indicator Second Indicator Subfields
LEADER 00000cam a2200000 4500
001 in00000068610
005 20151008050242.0
008 790917s1934 nyuae 00010 eng
010 |a  35016140  
035 |a (OCoLC)05378805 
035 |9 AAG0149AM 
040 |a DLC  |c CLE  |d TXA  |d UtOrBLW 
049 |a TXAM  |c [60969] 
050 0 |a HD268.N5  |b N322 
082 0 |a 333.3097471 
092 |a 333.3  |b N567rn 
110 2 |a New York City Housing Authority. 
245 1 0 |a Real property inventory, city of New York ;  |b non-residential report /  |c prepared by the Works division: Emergency relief bureau, under the direction of the New York city housing authority, United States Department of commerce [and] Mayor's advisory committee on R.P.I. 
264 3 |a [New York] :  |b [Printed by the Polygraphic company of America],  |c 1934. 
300 |a xxiii, 147 pages :  |b illustrations (plans) ;  |c 31 cm. 
336 |a text  |b txt  |2 rdacontent 
337 |a unmediated  |b n  |2 rdamedia 
338 |a volume  |b nc  |2 rdacarrier 
500 |a Langdon W. Post, chairman. 
650 0 |a Real property  |z New York (State)  |z New York. 
650 0 |a Buildings  |z New York (State)  |z New York. 
651 0 |a New York (N.Y.)  |x Statistics. 
700 1 |a Post, Langdon W.  |q (Langdon Ward),  |d 1899- 
710 1 |a New York (N.Y.).  |b Mayor's Advisory Committee on Real Property Inventory. 
999 |a MARS 
999 f f |s 4904d41d-1370-3e1e-be2d-684d06bdde9d  |i 2124bbd9-dccd-3126-9a41-1b1977c32bbf  |t 0 
952 f f |p ric  |a Texas A&M University  |b Rellis Campus  |c Joint Library Facility  |d Remote Storage  |t 0  |e HD268.N5 N322  |h Library of Congress classification  |i unmediated -- volume  |m A14800739907 
998 f f |a HD268.N5 N322  |t 0  |l Remote Storage